Online
Catalog

El evangelio de San Marcos en copto sahídico : (Record no. 5370)

MARC details
000 -CABECERA
campo de control de longitud fija 01420nam a2200301 a 4500
001 - NÚMERO DE CONTROL
campo de control 000005571
005 - FECHA Y HORA DE LA ÚLTIMA TRANSACCIÓN
campo de control 20200929151721.0
008 - DATOS DE LONGITUD FIJA--INFORMACIÓN GENERAL
campo de control de longitud fija 090820s1988 es 001 0 spa d
020 ## - NÚMERO INTERNACIONAL ESTÁNDAR DEL LIBRO
Número Internacional Estándar del Libro 8400064747
040 ## - FUENTE DE LA CATALOGACIÓN
Centro catalogador/agencia de origen DO-SdBNP
Lengua de catalogación spa
Centro/agencia transcriptor BNPHU
041 17 - CÓDIGO DE LENGUA
Código de lengua del texto/banda sonora o título independiente cop
Código de lengua original spa
082 ## - NÚMERO DE LA CLASIFICACIÓN DECIMAL DEWEY
Número de clasificación 220.49
Número de documento/Ítem B582e
049 ## - FONDOS LOCALES (OCLC)
Fondos de biblioteca BNPD
130 0# - ENTRADA PRINCIPAL--TÍTULO UNIFORME
Título uniforme Biblia.
Nombre de parte o sección de la obra A.T.
-- Marcos
Lenguaje de la obra Copto
Versión Biblioteca Pierpont Morgan
Subencabezamiento de forma Manuscrito
Número de parte o sección de la obra M569
Fecha de publicación/de la obra 1988
9 (RLIN) 15747
245 13 - MENCIÓN DE TÍTULO
Título El evangelio de San Marcos en copto sahídico :
Resto del título (texto de M 569 y aparato crítico) /
Mención de responsabilidad, etc. Gonzalo Aranda Pérez.
260 ## - PUBLICACIÓN, DISTRIBUCIÓN, ETC.
Lugar de publicación, distribución, etc. Madrid, :
Nombre del editor, distribuidor, etc. Consejo Superior de Investigaciones Científicas,
Fecha de publicación, distribución, etc. 1988.
300 ## - DESCRIPCIÓN FÍSICA
Extensión 150 p. ;
Dimensiones 24 cm.
490 1# - MENCIÓN DE SERIE
Mención de serie Textos y Estudios "Cardenal Cisneros" de la Biblia Políglota Matritense
Designación de volumen o secuencia 45
500 ## - NOTA GENERAL
Nota general Introducción y notas en español, con texto en copto, con caracteres sahídicos.
504 ## - NOTA DE BIBLIOGRAFÍA, ETC.
Nota de bibliografía, etc. Bibliografía y notas al pie de páginas.
546 ## - NOTA DE LENGUA/LENGUAJE
Nota de lengua/lenguaje Copto, Español
630 04 - PUNTO DE ACCESO ADICIONAL DE MATERIA--TÍTULO UNIFORME
Título uniforme BIBLIA-N.T.-SAN MARCOS-CRÍTICA TEXTUAL
9 (RLIN) 15748
650 #4 - PUNTO DE ACCESO ADICIONAL DE MATERIA--TÉRMINO DE MATERIA
Término de materia o nombre geográfico como elemento de entrada Manuscritos coptos (papiro)
9 (RLIN) 15749
710 2# - PUNTO DE ACCESO ADICIONAL--NOMBRE DE ENTIDAD CORPORATIVA
Nombre de entidad corporativa o nombre de jurisdicción como elemento de entrada Consejo Superior de Investigaciones Científicas (España).
Unidad subordinada Instituto de Filología Bíblica del CSIC.
-- Departamento de Filología Bíblica y de Oriente Antiguo
9 (RLIN) 15278
700 1# - PUNTO DE ACCESO ADICIONAL--NOMBRE DE PERSONA
Nombre de persona Aranda Pérez, Gonzalo
9 (RLIN) 15750
830 #0 - PUNTO DE ACCESO ADICIONAL DE SERIE-TÍTULO UNIFORME
Título uniforme Textos y Estudios "Cardenal Cisneros" de la Biblia Políglota Matritense
Designación de volumen o secuencia 45
9 (RLIN) 15280
910 ## - DATOS DE OPCIÓN DEL USUARIO (OCLC)
Datos de opción del usuario Validado. Control de calidad EMS
Holdings
Estado de retiro Estado de pérdida Restricciones de uso No para préstamo Código de colección Localización permanente Ubicación/localización actual Ubicación en estantería Fecha de adquisición Número de inventario Total de préstamos Signatura topográfica completa Código de barras Fecha visto por última vez Precio válido a partir de Tipo de ítem Koha
        Monografías: Libros y Folletos General General Depósito 24.08.2009 LF1   220.49 B582e 5571-10 25.06.2020 25.06.2020 Préstamo en sala

Powered by Koha